[Event "DEM U8 2025"]
[Site "Willingen GER"]
[Date "2025.06.11"]
[Round "2"]
[White "Fuchs, Louis Joel"]
[Black "Zargaran, Paya"]
[Result "1/2-1/2"]
[Termination "normal"]
[Board "5"]
[WhiteElo "1175"]
[BlackElo "1519"]
[WhiteClock "00:55:03"]
[BlackClock "00:31:08"]
[PlyCount "131"]
[BlackFideId "34681736"]
[EventCountry "GER"]
[EventRounds "7"]
[EventType "swiss"]
[EventDate "2025.06.10"]

1. e4 {[%clk 01:00:28]} c5 {[%clk 01:00:22]} {[%emt 00:00:09]} 2. c4 {[%clk
01:00:42]} {[%emt 00:00:01]} Nc6 {[%clk 01:00:12]} {[%emt 00:00:26]} 3. Nc3
{[%clk 01:00:43]} {[%emt 00:00:08]} Nf6 {[%clk 01:00:02]} {[%emt 00:00:30]} 4.
Nf3 {[%emt 00:00:12]} d6 {[%emt 00:00:23]} 5. d3 {[%clk 01:00:15]} {[%emt
00:00:07]} Bg4 {[%clk 00:59:53]} {[%emt 00:00:24]} 6. h3 {[%clk 01:00:16]}
{[%emt 00:00:15]} Bxf3 {[%clk 00:59:57]} {[%emt 00:00:10]} 7. Qxf3 {[%clk
01:00:16]} {[%emt 00:00:15]} Nd4 {[%clk 00:59:57]} {[%emt 00:00:15]} 8. Qd1
{[%clk 00:59:17]} {[%emt 00:00:09]} g6 {[%clk 01:00:03]} {[%emt 00:01:13]} 9.
Be3 {[%clk 00:59:23]} {[%emt 00:00:10]} Ne6 {[%clk 00:59:03]} {[%emt 00:01:14]}
10. Be2 {[%clk 00:59:17]} {[%emt 00:00:22]} Bg7 {[%clk 00:58:52]} {[%emt
00:00:26]} 11. O-O {[%clk 00:59:17]} {[%emt 00:00:16]} O-O {[%clk 00:58:59]}
{[%emt 00:00:07]} 12. Nd5 {[%clk 00:59:06]} {[%emt 00:00:26]} Nxd5 {[%clk
00:58:40]} {[%emt 00:00:35]} 13. cxd5 {[%clk 00:59:06]} {[%emt 00:00:15]} Nd4
{[%clk 00:58:31]} {[%emt 00:00:23]} 14. Bxd4 {[%clk 00:58:52]} {[%emt
00:00:29]} Bxd4 {[%clk 00:58:33]} {[%emt 00:00:13]} 15. Qb3 {[%clk 00:58:44]}
{[%emt 00:00:23]} Qc7 {[%clk 00:57:44]} {[%emt 00:01:03]} 16. Rac1 {[%clk
00:58:35]} {[%emt 00:00:24]} a5 {[%clk 00:56:29]} {[%emt 00:01:32]} 17. Rc2
{[%clk 00:58:36]} {[%emt 00:00:08]} Ra6 {[%clk 00:55:43]} {[%emt 00:01:05]} 18.
Qc4 {[%clk 00:58:18]} {[%emt 00:00:14]} Rb6 {[%clk 00:55:41]} {[%emt 00:00:38]}
19. Qxd4 {[%clk 00:58:19]} {[%emt 00:00:13]} cxd4 {[%clk 00:54:52]} {[%emt
00:01:04]} 20. Rxc7 {[%clk 00:58:21]} {[%emt 00:00:13]} Rxb2 {[%clk 00:54:50]}
{[%emt 00:00:17]} 21. Bg4 {[%clk 00:57:32]} {[%emt 00:00:23]} Rxa2 {[%clk
00:51:36]} {[%emt 00:04:10]} 22. Rxb7 {[%clk 00:57:31]} {[%emt 00:00:16]} h5
{[%clk 00:50:05]} {[%emt 00:01:45]} 23. Bf3 {[%clk 00:57:13]} {[%emt 00:00:12]}
a4 {[%clk 00:49:02]} {[%emt 00:01:41]} 24. Rxe7 {[%clk 00:57:12]} {[%emt
00:00:15]} a3 {[%clk 00:48:17]} {[%emt 00:00:51]} 25. Rd7 {[%clk 00:57:21]}
{[%emt 00:00:15]} Rc8 {[%clk 00:46:21]} {[%emt 00:01:58]} 26. Rxd6 {[%clk
00:57:27]} {[%emt 00:00:22]} Ra8 {[%clk 00:43:34]} {[%emt 00:03:01]} 27. Rc6
{[%clk 00:56:58]} {[%emt 00:00:44]} Rd2 {[%clk 00:43:19]} {[%emt 00:00:26]} 28.
d6 {[%clk 00:57:00]} {[%emt 00:00:19]} Rxd3 {[%clk 00:43:04]} {[%emt 00:00:29]}
29. d7 {[%clk 00:57:05]} {[%emt 00:00:10]} Rc3 {[%clk 00:42:48]} {[%emt
00:00:30]} 30. Rd6 {[%clk 00:56:55]} {[%emt 00:00:26]} Rd8 {[%clk 00:42:17]}
{[%emt 00:00:46]} 31. Rd1 {[%clk 00:56:38]} {[%emt 00:00:33]} a2 {[%clk
00:40:31]} {[%emt 00:01:54]} 32. R6xd4 {[%clk 00:56:43]} {[%emt 00:00:17]} Rb3
{[%clk 00:39:58]} {[%emt 00:00:40]} 33. Ra4 {[%clk 00:56:31]} {[%emt 00:00:36]}
Rb1 {[%clk 00:39:37]} {[%emt 00:00:36]} 34. Rxa2 {[%clk 00:56:35]} {[%emt
00:00:11]} Rxd1+ {[%clk 00:39:33]} {[%emt 00:00:20]} 35. Bxd1 {[%clk 00:56:40]}
{[%emt 00:00:09]} Rxd7 {[%clk 00:39:33]} {[%emt 00:00:15]} 36. Bb3 {[%clk
00:56:32]} {[%emt 00:00:23]} Re7 {[%clk 00:39:10]} {[%emt 00:00:38]} 37. f3
{[%clk 00:56:23]} {[%emt 00:00:23]} Kg7 {[%clk 00:39:08]} {[%emt 00:00:16]} 38.
Kf2 {[%clk 00:56:24]} {[%emt 00:00:10]} Kf6 {[%clk 00:39:08]} {[%emt 00:00:20]}
39. Kg3 {[%clk 00:56:29]} {[%emt 00:00:09]} Kg5 {[%clk 00:38:22]} {[%emt
00:01:00]} 40. h4+ {[%clk 00:56:32]} {[%emt 00:00:15]} Kh6 {[%clk 00:38:18]}
{[%emt 00:00:17]} 41. Ra8 {[%clk 00:56:11]} {[%emt 00:00:38]} Kg7 {[%clk
00:38:07]} {[%emt 00:00:26]} 42. Kf4 {[%clk 00:56:13]} {[%emt 00:00:12]} Rb7
{[%clk 00:37:47]} {[%emt 00:00:32]} 43. Bd5 {[%clk 00:56:19]} {[%emt 00:00:13]}
Re7 {[%clk 00:37:38]} {[%emt 00:00:24]} 44. Bc6 {[%clk 00:56:14]} {[%emt
00:00:21]} Re6 {[%clk 00:36:51]} {[%emt 00:00:50]} 45. Rc8 {[%clk 00:56:17]}
{[%emt 00:00:24]} Re7 {[%clk 00:36:22]} {[%emt 00:00:41]} 46. g4 {[%emt
00:01:43]} Ra7 {[%clk 00:35:01]} {[%emt 00:00:09]} 47. gxh5 {[%clk 00:56:17]}
{[%emt 00:00:17]} gxh5 {[%clk 00:34:59]} {[%emt 00:00:16]} 48. Kg5 {[%clk
00:56:20]} {[%emt 00:00:12]} Ra5+ {[%clk 00:34:11]} {[%emt 00:01:03]} 49. Bd5
{[%clk 00:56:25]} {[%emt 00:00:10]} Ra3 {[%clk 00:34:01]} {[%emt 00:00:17]} 50.
Rc7 {[%clk 00:56:28]} {[%emt 00:00:21]} Rxf3 {[%clk 00:33:55]} {[%emt
00:00:19]} 51. Rxf7+ {[%clk 00:56:11]} {[%emt 00:00:33]} Rxf7 {[%clk 00:33:32]}
{[%emt 00:00:39]} 52. Bxf7 {[%clk 00:56:15]} {[%emt 00:00:11]} Kxf7 {[%clk
00:33:30]} {[%emt 00:00:17]} 53. Kxh5 {[%clk 00:56:17]} {[%emt 00:00:10]} Kg7
{[%clk 00:32:39]} {[%emt 00:01:08]} 54. e5 {[%clk 00:56:25]} {[%emt 00:00:07]}
Kh7 {[%clk 00:32:37]} {[%emt 00:00:18]} 55. e6 {[%clk 00:56:27]} {[%emt
00:00:13]} Kg7 {[%clk 00:32:40]} {[%emt 00:00:11]} 56. e7 {[%clk 00:56:35]}
{[%emt 00:00:06]} Kf7 {[%clk 00:32:43]} {[%emt 00:00:13]} 57. e8=Q+ {[%emt
00:00:11]} Kxe8 {[%emt 00:00:23]} 58. Kg6 {[%clk 00:56:06]} {[%emt 00:00:11]}
Kf8 {[%clk 00:32:25]} {[%emt 00:00:32]} 59. Kf6 {[%clk 00:55:21]} {[%emt
00:00:58]} Kg8 {[%clk 00:32:12]} {[%emt 00:00:28]} 60. h5 {[%clk 00:55:12]}
{[%emt 00:00:25]} Kh8 {[%clk 00:31:15]} {[%emt 00:00:59]} 61. Kg6 {[%clk
00:54:49]} {[%emt 00:01:49]} Kg8 {[%clk 00:31:16]} {[%emt 00:00:15]} 62. Kh6
{[%clk 00:54:50]} {[%emt 00:00:13]} Kh8 {[%clk 00:31:21]} {[%emt 00:00:10]} 63.
Kg5 {[%clk 00:54:54]} {[%emt 00:00:11]} Kh7 {[%clk 00:31:08]} {[%emt 00:00:28]}
64. h6 {[%clk 00:54:56]} {[%emt 00:00:10]} Kg8 {[%clk 00:31:07]} {[%emt
00:00:15]} 65. Kg6 {[%clk 00:55:03]} {[%emt 00:00:13]} Kh8 {[%clk 00:31:08]}
{[%emt 00:00:14]} 66. h7 {[%emt 00:00:59]} 1/2-1/2

[Event "DEM U8 2025"]
[Site "Willingen GER"]
[Date "2025.06.11"]
[Round "2"]
[White "Kovacs, David"]
[Black "Komar, Mykhail"]
[Result "1-0"]
[Termination "normal"]
[Board "6"]
[WhiteElo "1358"]
[BlackElo "1462"]
[WhiteClock "00:42:23"]
[BlackClock "00:18:19"]
[PlyCount "115"]
[WhiteFideId "533004005"]
[BlackFideId "533021864"]
[EventCountry "GER"]
[EventRounds "7"]
[EventType "swiss"]
[EventDate "2025.06.10"]

1. e4 {[%clk 01:00:29]} e6 {[%clk 01:00:20]} {[%emt 00:00:10]} 2. d4 {[%clk
01:00:37]} {[%emt 00:00:07]} d5 {[%clk 01:00:26]} {[%emt 00:00:09]} 3. Nd2
{[%clk 01:00:44]} {[%emt 00:00:08]} Nc6 {[%clk 01:00:13]} {[%emt 00:00:28]} 4.
Ngf3 {[%clk 01:00:52]} {[%emt 00:00:07]} Be7 {[%clk 00:59:31]} {[%emt
00:00:57]} 5. exd5 {[%clk 01:00:16]} {[%emt 00:00:51]} exd5 {[%clk 00:59:09]}
{[%emt 00:00:38]} 6. Bd3 {[%clk 01:00:21]} {[%emt 00:00:09]} Nf6 {[%clk
00:59:01]} {[%emt 00:00:23]} 7. O-O {[%clk 01:00:15]} {[%emt 00:00:21]} O-O
{[%clk 00:56:49]} {[%emt 00:00:10]} 8. b3 {[%clk 01:00:14]} {[%emt 00:02:33]}
Re8 {[%clk 00:56:08]} {[%emt 00:00:55]} 9. Bb2 {[%clk 01:00:11]} {[%emt
00:00:19]} Bf8 {[%clk 00:55:17]} {[%emt 00:01:05]} 10. h3 {[%clk 00:59:16]}
{[%emt 00:01:11]} Ne4 {[%clk 00:54:46]} {[%emt 00:00:46]} 11. Re1 {[%clk
00:58:10]} {[%emt 00:01:20]} Nxd2 {[%clk 00:54:08]} {[%emt 00:00:54]} 12. Qxd2
{[%clk 00:58:17]} {[%emt 00:00:08]} Bd7 {[%clk 00:51:57]} {[%emt 00:02:26]} 13.
c4 {[%clk 00:56:32]} {[%emt 00:02:01]} dxc4 {[%clk 00:51:50]} {[%emt 00:00:21]}
14. Bxc4 {[%clk 00:56:39]} {[%emt 00:00:08]} Bb4 {[%emt 00:01:17]} 15. Bc3
{[%clk 00:56:39]} {[%emt 00:00:13]} Bxc3 {[%clk 00:50:31]} {[%emt 00:00:34]}
16. Qxc3 {[%clk 00:56:46]} {[%emt 00:00:07]} Bf5 {[%clk 00:48:42]} {[%emt
00:02:04]} 17. Bb5 {[%clk 00:54:40]} {[%emt 00:02:22]} Be4 {[%clk 00:46:39]}
{[%emt 00:02:17]} 18. Rad1 {[%clk 00:51:46]} {[%emt 00:03:09]} a6 {[%clk
00:46:29]} {[%emt 00:00:25]} 19. Bxc6 {[%clk 00:51:41]} {[%emt 00:00:20]} Bxc6
{[%clk 00:46:20]} {[%emt 00:00:24]} 20. d5 {[%clk 00:51:46]} {[%emt 00:00:10]}
Rxe1+ {[%clk 00:46:00]} {[%emt 00:00:35]} 21. Qxe1 {[%clk 00:50:39]} {[%emt
00:01:21]} Bxd5 {[%clk 00:42:55]} {[%emt 00:03:21]} 22. Qd2 {[%clk 00:48:58]}
{[%emt 00:01:56]} c6 {[%clk 00:42:56]} {[%emt 00:00:15]} 23. Qb4 {[%clk
00:48:23]} {[%emt 00:00:50]} Qc7 {[%clk 00:42:21]} {[%emt 00:00:50]} 24. Qc3
{[%clk 00:47:40]} {[%emt 00:00:57]} Bxf3 {[%clk 00:42:20]} {[%emt 00:00:17]}
25. Qxf3 {[%clk 00:47:47]} {[%emt 00:00:07]} h6 {[%clk 00:42:15]} {[%emt
00:00:20]} 26. Qf5 {[%clk 00:47:20]} {[%emt 00:00:42]} Re8 {[%clk 00:41:02]}
{[%emt 00:01:29]} 27. g3 {[%clk 00:46:54]} {[%emt 00:00:40]} Rd8 {[%clk
00:40:21]} {[%emt 00:00:57]} 28. Re1 {[%clk 00:46:12]} {[%emt 00:00:55]} g6
{[%clk 00:38:23]} {[%emt 00:02:14]} 29. Qf6 {[%clk 00:45:38]} {[%emt 00:00:50]}
Rf8 {[%emt 00:02:54]} 30. Re7 {[%clk 00:44:58]} Qa5 {[%clk 00:36:11]} {[%emt
00:00:44]} 31. Rxb7 {[%clk 00:44:41]} {[%emt 00:00:32]} Qxa2 {[%clk 00:36:08]}
{[%emt 00:00:18]} 32. Qxc6 {[%clk 00:44:35]} {[%emt 00:00:20]} Qa1+ {[%clk
00:33:13]} {[%emt 00:03:11]} 33. Kg2 {[%clk 00:44:38]} {[%emt 00:00:11]} a5
{[%clk 00:32:03]} {[%emt 00:01:26]} 34. Ra7 {[%clk 00:43:46]} {[%emt 00:01:07]}
Rb8 {[%clk 00:31:02]} {[%emt 00:01:15]} 35. Qc7 {[%clk 00:43:35]} {[%emt
00:00:25]} Rf8 {[%clk 00:29:44]} {[%emt 00:01:34]} 36. Qxa5 {[%clk 00:43:24]}
{[%emt 00:00:27]} Qb1 {[%clk 00:29:15]} {[%emt 00:00:43]} 37. Qd5 {[%clk
00:43:03]} {[%emt 00:00:36]} Qc2 {[%clk 00:26:24]} {[%emt 00:03:06]} 38. b4
{[%clk 00:42:44]} {[%emt 00:00:35]} Qb2 {[%clk 00:26:20]} {[%emt 00:00:18]} 39.
Rb7 {[%clk 00:42:31]} {[%emt 00:00:29]} Qb1 {[%clk 00:25:41]} {[%emt 00:00:54]}
40. b5 {[%clk 00:42:26]} {[%emt 00:00:20]} Qc2 {[%clk 00:24:29]} {[%emt
00:01:26]} 41. b6 {[%clk 00:42:16]} {[%emt 00:00:26]} Qb1 {[%clk 00:24:26]}
{[%emt 00:00:17]} 42. Qc6 {[%clk 00:41:42]} {[%emt 00:00:50]} Qf5 {[%clk
00:23:18]} {[%emt 00:01:23]} 43. Rc7 {[%clk 00:41:30]} {[%emt 00:00:27]} Qd3
{[%clk 00:22:16]} {[%emt 00:01:16]} 44. b7 {[%clk 00:41:26]} {[%emt 00:00:19]}
Qb3 {[%clk 00:22:03]} {[%emt 00:00:28]} 45. Rc8 {[%clk 00:41:09]} {[%emt
00:00:33]} Rxc8 {[%clk 00:19:56]} {[%emt 00:02:22]} 46. bxc8=Q+ {[%clk
00:41:09]} {[%emt 00:00:14]} Kg7 {[%clk 00:19:58]} {[%emt 00:00:12]} 47. Qc3+
{[%clk 00:41:16]} {[%emt 00:00:10]} Qxc3 {[%clk 00:19:49]} {[%emt 00:00:24]}
48. Qxc3+ {[%clk 00:41:22]} {[%emt 00:00:09]} Kg8 {[%clk 00:19:53]} {[%emt
00:00:10]} 49. Kf3 {[%clk 00:41:29]} {[%emt 00:00:09]} h5 {[%clk 00:19:53]}
{[%emt 00:00:13]} 50. Kf4 {[%clk 00:41:38]} {[%emt 00:00:08]} f5 {[%clk
00:19:27]} {[%emt 00:00:41]} 51. Kg5 {[%clk 00:41:35]} {[%emt 00:00:18]} Kf7
{[%clk 00:19:29]} {[%emt 00:00:12]} 52. Qf6+ {[%clk 00:41:40]} {[%emt
00:00:11]} Ke8 {[%clk 00:19:19]} {[%emt 00:00:25]} 53. Qg7 {[%clk 00:41:46]}
{[%emt 00:00:08]} h4 {[%clk 00:19:23]} {[%emt 00:00:12]} 54. Kf6 {[%clk
00:41:55]} {[%emt 00:00:06]} Kd8 {[%clk 00:19:24]} {[%emt 00:00:14]} 55. Ke6
{[%clk 00:42:03]} {[%emt 00:00:06]} Kc8 {[%clk 00:19:28]} {[%emt 00:00:11]} 56.
Kd6 {[%clk 00:42:08]} {[%emt 00:00:10]} Kb8 {[%clk 00:19:33]} {[%emt 00:00:09]}
57. Kc6 {[%clk 00:42:16]} {[%emt 00:00:08]} hxg3 {[%clk 00:18:19]} {[%emt
00:01:28]} 58. Qb7# {[%clk 00:42:23]} {[%emt 00:00:09]} 1-0

[Event "DEM U8 2025"]
[Site "Willingen GER"]
[Date "2025.06.11"]
[Round "2"]
[White "Öngün, Magnus"]
[Black "Derr, Georg"]
[Result "0-1"]
[Termination "normal"]
[Board "7"]
[WhiteElo "1165"]
[BlackElo "1586"]
[WhiteClock "00:31:02"]
[BlackClock "00:22:25"]
[PlyCount "72"]
[WhiteFideId "533004978"]
[BlackFideId "533010501"]
[EventCountry "GER"]
[EventRounds "7"]
[EventType "swiss"]
[EventDate "2025.06.10"]

1. d4 {[%clk 01:00:19]} {[%emt 00:00:10]} d5 {[%clk 01:00:18]} {[%emt
00:00:12]} 2. Nf3 {[%clk 01:00:08]} {[%emt 00:00:26]} Nf6 {[%clk 01:00:11]}
{[%emt 00:00:22]} 3. e3 {[%clk 00:59:58]} {[%emt 00:00:27]} e6 {[%clk
01:00:11]} {[%emt 00:00:14]} 4. Bd3 {[%clk 01:00:00]} {[%emt 00:00:14]} c5
{[%clk 01:00:08]} {[%emt 00:00:17]} 5. b3 {[%clk 00:59:37]} {[%emt 00:00:39]}
Nc6 {[%clk 00:59:13]} {[%emt 00:01:09]} 6. O-O {[%clk 00:58:35]} {[%emt
00:01:16]} a6 {[%clk 00:58:49]} {[%emt 00:00:41]} 7. Bb2 {[%clk 00:57:44]}
{[%emt 00:01:06]} h5 {[%clk 00:57:34]} {[%emt 00:01:29]} 8. Nbd2 {[%clk
00:57:31]} {[%emt 00:00:27]} Bd7 {[%clk 00:57:14]} {[%emt 00:00:36]} 9. Ne5
{[%clk 00:57:13]} {[%emt 00:00:34]} Bd6 {[%clk 00:54:34]} {[%emt 00:02:54]} 10.
f4 {[%clk 00:56:57]} {[%emt 00:00:31]} Qc7 {[%clk 00:53:44]} {[%emt 00:01:03]}
11. c4 {[%clk 00:56:45]} {[%emt 00:00:30]} Nb4 {[%clk 00:53:07]} {[%emt
00:01:48]} 12. Bb1 {[%clk 00:55:36]} {[%emt 00:01:24]} h4 {[%clk 00:52:49]}
{[%emt 00:00:32]} 13. h3 {[%clk 00:54:47]} {[%emt 00:01:02]} b5 {[%clk
00:52:23]} {[%emt 00:00:42]} 14. a3 {[%clk 00:50:48]} {[%emt 00:04:16]} Nc6
{[%clk 00:52:01]} {[%emt 00:00:36]} 15. b4 {[%clk 00:47:30]} {[%emt 00:03:33]}
cxd4 {[%clk 00:50:27]} {[%emt 00:01:49]} 16. Nxc6 {[%clk 00:46:08]} {[%emt
00:01:38]} Bxc6 {[%clk 00:50:16]} {[%emt 00:00:25]} 17. cxd5 {[%clk 00:45:10]}
{[%emt 00:01:13]} dxe3 {[%clk 00:48:53]} {[%emt 00:01:39]} 18. Bxf6 {[%clk
00:44:07]} {[%emt 00:01:17]} gxf6 {[%clk 00:48:55]} {[%emt 00:00:13]} 19. Ne4
{[%clk 00:42:41]} {[%emt 00:01:41]} Bxd5 {[%clk 00:45:55]} {[%emt 00:03:14]}
20. Nxf6+ {[%clk 00:42:44]} {[%emt 00:00:13]} Kf8 {[%clk 00:38:42]} {[%emt
00:07:16]} 21. Nxd5 {[%clk 00:42:46]} {[%emt 00:00:24]} exd5 {[%clk 00:38:22]}
{[%emt 00:00:35]} 22. Qd4 {[%clk 00:42:18]} {[%emt 00:00:41]} Rg8 {[%clk
00:37:38]} {[%emt 00:00:55]} 23. Qxe3 {[%clk 00:41:27]} {[%emt 00:01:12]} Re8
{[%clk 00:35:49]} {[%emt 00:02:01]} 24. Qd2 {[%clk 00:40:26]} {[%emt 00:01:18]}
Qb7 {[%clk 00:35:00]} {[%emt 00:00:59]} 25. Qb2 {[%clk 00:38:53]} {[%emt
00:01:25]} Qb6+ {[%clk 00:32:57]} {[%emt 00:02:46]} 26. Kh1 {[%clk 00:38:36]}
{[%emt 00:00:26]} Be7 {[%clk 00:32:26]} {[%emt 00:00:49]} 27. Bh7 {[%clk
00:37:53]} {[%emt 00:01:00]} Rg7 {[%clk 00:32:12]} {[%emt 00:00:26]} 28. Qc2
{[%clk 00:37:27]} {[%emt 00:00:45]} Qb7 {[%clk 00:31:25]} {[%emt 00:01:00]} 29.
Rac1 {[%clk 00:37:08]} {[%emt 00:00:37]} Qb6 {[%clk 00:29:49]} {[%emt
00:01:51]} 30. Bd3 {[%emt 00:03:51]} Bd6 {[%emt 00:00:54]} 31. Qc6 {[%clk
00:35:13]} {[%emt 00:00:39]} Rb8 {[%clk 00:25:54]} {[%emt 00:01:10]} 32. Qxd5
{[%clk 00:34:47]} {[%emt 00:00:55]} Be7 {[%clk 00:25:30]} {[%emt 00:00:39]} 33.
Rc6 {[%clk 00:33:39]} {[%emt 00:01:24]} Qb7 {[%clk 00:25:04]} {[%emt 00:00:34]}
34. Rfc1 {[%clk 00:33:35]} {[%emt 00:00:25]} Qa8 {[%clk 00:23:38]} {[%emt
00:01:39]} 35. Qd7 {[%clk 00:32:26]} {[%emt 00:01:21]} Bd8 {[%clk 00:22:25]}
{[%emt 00:01:19]} 36. Rc8 {[%clk 00:31:02]} {[%emt 00:01:52]} Qxg2# {[%clk
00:22:25]} {[%emt 00:00:12]} 0-1